[Event "RUS-ch Rapid 2021"]
[Site "Sochi"]
[Date "2021.10.13"]
[Round "9.1"]
[White "Moiseenko, Vadim"]
[Black "Riazantsev, Alexander"]
[Result "1-0"]
[WhiteElo "2542"]
[BlackElo "2634"]
[Annotator "RC"]
[PlyCount "115"]
[EventDate "2021.10.12"]
[EventType "swiss"]
[EventCountry "RUS"]
[SourceTitle "playchess.com"]
[Source "ChessBase"]
[SourceQuality "1"]
[TimeControl "900+10"]

1. b3 {[%emt 0:00:00]} d5 {[%emt 0:01:30]} 2. Bb2 {[%emt 0:00:10]} f6 {[%emt 0:
00:22]} 3. d4 {[%emt 0:02:00]} Bf5 {[%emt 0:00:52]} 4. c4 {[%emt 0:00:33]} e5 {
[%emt 0:01:45]} 5. Nc3 {[%emt 0:00:18]} Bb4 {[%emt 0:04:06]} 6. e3 {[%emt 0:01:
02]} Ne7 {[%emt 0:01:48]} 7. dxe5 {[%emt 0:00:11]} fxe5 {[%emt 0:00:00]} 8. a3
{[%emt 0:01:22]} Bxc3+ {[%emt 0:01:02]} 9. Bxc3 {[%emt 0:00:00]} Nbc6 {[%emt 0:
01:38]} 10. Nf3 {[%emt 0:00:13]} Bg4 {[%emt 0:00:00]} 11. cxd5 {[%emt 0:01:20]}
Nxd5 {[%emt 0:00:11]} 12. Bb2 {[%emt 0:00:14]} Qd6 {[%emt 0:00:52]} 13. Be2 {
[%emt 0:01:50]} O-O-O {[%emt 0:00:32]} 14. h3 {[%emt 0:00:33]} Bh5 {[%emt 0:00:
25]} 15. O-O {[%emt 0:00:25]} Qe7 {[%emt 0:00:27]} 16. Nd2 {[%emt 0:00:47]}
Bxe2 {[%emt 0:00:52]} 17. Qxe2 {[%emt 0:00:00]} Nf6 {[%emt 0:00:01]} 18. Rac1 {
[%emt 0:00:11]} Qe6 {[%emt 0:00:13]} 19. b4 {[%emt 0:00:23]} a6 {[%emt 0:00:20]
} 20. Rc2 {[%emt 0:01:14]} Rd6 {[%emt 0:00:03]} 21. Rfc1 {[%emt 0:00:40]} Rhd8
{[%emt 0:00:00]} 22. Nf3 {[%emt 0:00:22]} Kb8 {[%emt 0:00:16]} 23. Rc4 {
[%emt 0:00:53]} Nd7 {[%emt 0:01:02]} 24. Ng5 {[%emt 0:00:15]} Qe7 {[%emt 0:00:
16]} 25. Ne4 {[%emt 0:00:13]} Rg6 {[%emt 0:00:04]} 26. R4c2 {[%emt 0:01:05]}
Rc8 {[%emt 0:00:15]} 27. Rd2 {[%emt 0:00:30]} Qe6 {[%emt 0:00:18]} 28. Kh1 {
[%emt 0:00:42]} Qf5 {[%emt 0:00:00]} 29. Qd3 {[%emt 0:00:34]} Nb6 {[%emt 0:00:
32]} 30. Nc5 {[%emt 0:00:00]} Qg5 {[%emt 0:00:11]} 31. Qe4 {[%emt 0:00:09]} Ka7
{[%emt 0:00:08]} 32. Rdc2 {[%emt 0:01:06]} Nd8 {[%emt 0:00:13]} 33. Bxe5 {
[%emt 0:00:07]} c6 {[%emt 0:00:09]} 34. Bd4 {[%emt 0:00:49]} Ka8 {[%emt 0:00:
00]} 35. Nd3 {[%emt 0:00:12]} Nd7 {[%emt 0:00:10]} 36. Nf4 {[%emt 0:00:09]} Rh6
{[%emt 0:00:21]} 37. a4 {[%emt 0:00:03]} Nf6 {[%emt 0:00:06]} 38. Qf3 {[%emt 0:
00:14]} Qf5 {[%emt 0:00:13]} 39. b5 {[%emt 0:00:05]} g5 {[%emt 0:00:00]} 40.
Rc5 {[%emt 0:00:22]} Qd7 {[%emt 0:00:16]} 41. Rxg5 {[%emt 0:00:03]} cxb5 {
[%emt 0:00:05]} 42. Rxc8+ {[%emt 0:00:00]} Qxc8 {[%emt 0:00:00]} 43. axb5 {
[%emt 0:00:09]} axb5 {[%emt 0:00:07]} 44. Rxb5 {[%emt 0:00:08]} Nc6 {[%emt 0:
00:00]} 45. Bb6 {[%emt 0:00:14]} Qe8 {[%emt 0:00:45]} 46. Rb1 {[%emt 0:00:19]}
Qe5 {[%emt 0:00:02]} 47. Bd4 {[%emt 0:00:12]} Qf5 {[%emt 0:00:07]} 48. Ra1+ {
[%emt 0:00:09]} Kb8 {[%emt 0:00:00]} 49. Bxf6 {[%emt 0:00:25]} Qxf6 {[%emt 0:
00:12]} 50. Qd1 {[%emt 0:00:15]} Qe5 {[%emt 0:00:06]} 51. Qa4 {[%emt 0:00:05]}
Rd6 {[%emt 0:00:10]} 52. Qa8+ {[%emt 0:00:02]} Kc7 {[%emt 0:00:03]} 53. Rb1 {
[%emt 0:00:05]} Nd8 {[%emt 0:00:11]} 54. Rc1+ {[%emt 0:00:14]} Nc6 {[%emt 0:00:
05]} 55. Qg8 {[%emt 0:00:07]} Qb2 {[%emt 0:00:46]} 56. Rf1 {[%emt 0:00:31]} Qc2
{[%emt 0:00:12]} 57. Nd5+ {[%emt 0:00:05]} Kd7 {[%emt 0:00:09]} 58. Qf7+ {
[%emt 0:00:15]} 1-0

[Event "RUS-ch Rapid 2021"]
[Site "Sochi"]
[Date "2021.10.13"]
[Round "9.2"]
[White "Tsydypov, Zhamsaran"]
[Black "Sjugirov, Sanan"]
[Result "1/2-1/2"]
[WhiteElo "2526"]
[BlackElo "2663"]
[Annotator "RC"]
[PlyCount "148"]
[EventDate "2021.10.12"]
[EventType "swiss"]
[EventCountry "RUS"]
[SourceTitle "playchess.com"]
[Source "ChessBase"]
[SourceQuality "1"]
[TimeControl "900+10"]

1. e4 {[%emt 0:00:55]} c5 {[%emt 0:00:07]} 2. Nf3 {[%emt 0:00:02]} Nc6 {
[%emt 0:00:06]} 3. d4 {[%emt 0:00:04]} cxd4 {[%emt 0:00:08]} 4. Nxd4 {[%emt 0:
00:00]} Nf6 {[%emt 0:00:00]} 5. Nc3 {[%emt 0:00:13]} e5 {[%emt 0:00:03]} 6.
Ndb5 {[%emt 0:00:05]} d6 {[%emt 0:00:06]} 7. Nd5 {[%emt 0:00:31]} Nxd5 {
[%emt 0:00:00]} 8. exd5 {[%emt 0:00:00]} Nb8 {[%emt 0:00:04]} 9. a4 {[%emt 0:
00:59]} Be7 {[%emt 0:00:29]} 10. Be2 {[%emt 0:00:21]} O-O {[%emt 0:00:01]} 11.
O-O {[%emt 0:00:00]} Nd7 {[%emt 0:00:27]} 12. Be3 {[%emt 0:00:36]} a6 {[%emt 0:
00:00]} 13. Na3 {[%emt 0:00:02]} f5 {[%emt 0:00:30]} 14. f3 {[%emt 0:00:06]} f4
{[%emt 0:04:04]} 15. Bf2 {[%emt 0:00:03]} Bh4 {[%emt 0:00:00]} 16. Qe1 {
[%emt 0:03:22]} Bxf2+ {[%emt 0:00:05]} 17. Qxf2 {[%emt 0:00:00]} Nf6 {[%emt 0:
01:14]} 18. Rfd1 {[%emt 0:00:39]} Bf5 {[%emt 0:00:16]} 19. c3 {[%emt 0:00:09]}
Qe7 {[%emt 0:01:10]} 20. Nc4 {[%emt 0:00:58]} g5 {[%emt 0:00:09]} 21. Bd3 {
[%emt 0:00:48]} Bxd3 {[%emt 0:00:58]} 22. Rxd3 {[%emt 0:00:00]} g4 {[%emt 0:00:
16]} 23. Re1 {[%emt 0:00:16]} Kh8 {[%emt 0:00:48]} 24. Qb6 {[%emt 0:04:42]}
Rad8 {[%emt 0:00:15]} 25. Kf1 {[%emt 0:00:39]} Rg8 {[%emt 0:00:53]} 26. Ke2 {
[%emt 0:00:49]} gxf3+ {[%emt 0:01:11]} 27. gxf3 {[%emt 0:00:00]} Qd7 {[%emt 0:
01:49]} 28. Kd2 {[%emt 0:00:09]} Rg6 {[%emt 0:02:04]} 29. Kc1 {[%emt 0:00:16]}
Ne8 {[%emt 0:01:10]} 30. Qb4 {[%emt 0:00:10]} Qc7 {[%emt 0:00:27]} 31. Rd2 {
[%emt 0:00:42]} Nf6 {[%emt 0:00:02]} 32. h4 {[%emt 0:00:29]} Nd7 {[%emt 0:00:
16]} 33. h5 {[%emt 0:00:00]} Rh6 {[%emt 0:00:12]} 34. Kb1 {[%emt 0:00:19]} Rc8
{[%emt 0:00:35]} 35. Na5 {[%emt 0:01:07]} Nc5 {[%emt 0:00:06]} 36. Rh1 {
[%emt 0:00:16]} Rg8 {[%emt 0:00:31]} 37. Nc4 {[%emt 0:00:19]} Rf6 {[%emt 0:00:
00]} 38. Rdd1 {[%emt 0:00:18]} Rf5 {[%emt 0:00:11]} 39. Ka2 {[%emt 0:00:20]}
Rfg5 {[%emt 0:00:03]} 40. Rh2 {[%emt 0:00:09]} Rg3 {[%emt 0:00:22]} 41. Rf1 {
[%emt 0:00:33]} h6 {[%emt 0:00:31]} 42. Ka3 {[%emt 0:00:13]} Kh7 {[%emt 0:00:
06]} 43. Nd2 {[%emt 0:00:06]} Rg2 {[%emt 0:00:13]} 44. Rxg2 {[%emt 0:00:09]}
Rxg2 {[%emt 0:00:00]} 45. Rd1 {[%emt 0:00:02]} Kg7 {[%emt 0:00:18]} 46. Nc4 {
[%emt 0:00:24]} Kf7 {[%emt 0:00:22]} 47. Nd2 {[%emt 0:00:19]} Rg3 {[%emt 0:00:
06]} 48. Qc4 {[%emt 0:00:05]} Qa5 {[%emt 0:00:11]} 49. Ne4 {[%emt 0:00:14]}
Nxe4 {[%emt 0:00:10]} 50. Qxe4 {[%emt 0:00:01]} Kg7 {[%emt 0:00:03]} 51. b4 {
[%emt 0:00:22]} Qc7 {[%emt 0:00:03]} 52. Kb3 {[%emt 0:00:11]} Qf7 {[%emt 0:00:
02]} 53. Rd3 {[%emt 0:00:13]} Qxh5 {[%emt 0:00:06]} 54. Qc4 {[%emt 0:00:00]}
Qf7 {[%emt 0:00:06]} 55. Qc8 {[%emt 0:00:00]} e4 {[%emt 0:00:08]} 56. Rd4 {
[%emt 0:00:11]} exf3 {[%emt 0:00:07]} 57. Qc4 {[%emt 0:00:06]} Rg4 {[%emt 0:00:
33]} 58. Rd3 {[%emt 0:00:02]} Rg5 {[%emt 0:00:19]} 59. Qd4+ {[%emt 0:00:09]}
Re5 {[%emt 0:00:07]} 60. Ka3 {[%emt 0:00:16]} Qf5 {[%emt 0:00:16]} 61. Rxf3 {
[%emt 0:00:06]} Qe4 {[%emt 0:00:05]} 62. Rxf4 {[%emt 0:00:28]} Qxd4 {[%emt 0:
00:02]} 63. Rxd4 {[%emt 0:00:13]} Re3 {[%emt 0:00:24]} 64. Kb3 {[%emt 0:00:00]}
h5 {[%emt 0:00:06]} 65. Kc2 {[%emt 0:00:09]} Kg6 {[%emt 0:00:06]} 66. c4 {
[%emt 0:00:02]} b6 {[%emt 0:00:20]} 67. a5 {[%emt 0:00:00]} bxa5 {[%emt 0:00:
00]} 68. c5 {[%emt 0:00:01]} axb4 {[%emt 0:00:06]} 69. cxd6 {[%emt 0:00:11]}
Re8 {[%emt 0:00:17]} 70. Rxb4 {[%emt 0:00:01]} Rd8 {[%emt 0:00:02]} 71. Rb6 {
[%emt 0:00:06]} h4 {[%emt 0:00:14]} 72. Rxa6 {[%emt 0:00:07]} h3 {[%emt 0:00:
01]} 73. Ra3 {[%emt 0:00:49]} Rxd6 {[%emt 0:00:03]} 74. Rxh3 {[%emt 0:00:02]}
Rxd5 {[%emt 0:00:10]} 1/2-1/2

[Event "RUS-ch Rapid 2021"]
[Site "Sochi"]
[Date "2021.10.13"]
[Round "9.3"]
[White "Artemiev, Vladislav"]
[Black "Iljiushenok, Ilia"]
[Result "1-0"]
[WhiteElo "2699"]
[BlackElo "2554"]
[Annotator "TA"]
[PlyCount "91"]
[EventDate "2021.10.12"]
[EventType "swiss"]
[EventCountry "RUS"]
[SourceTitle "playchess.com"]
[Source "ChessBase"]
[SourceQuality "1"]

{[%evp 21,91,26,31,0,37,31,39,30,34,16,68,68,63,70,72,77,69,64,187,200,199,196,
205,194,194,159,239,235,212,0,230,0,273,279,273,272,266,268,254,239,313,303,
279,302,300,297,290,280,508,520,520,493,487,470,372,0,342,36,38,39,50,36,957,8,
341,334,296,227,2419,2410,2068,2010]} 1. Nf3 Nf6 2. g3 g6 3. b3 Bg7 4. Bb2 O-O
5. Bg2 d6 6. c4 e5 7. d3 c5 8. O-O Nc6 9. Nc3 h6 10. Nd2 Be6 11. Nde4 Qd7 12.
a3 {[#] A38: Symmetrical English vs ...g6: 4 Bg2 Bg7 5 Nf3 Nf6.} Rad8 $146 ({
Predecessor:} 12... Ne8 13. Nd5 Bh3 14. b4 Bxg2 15. Kxg2 f5 16. Nec3 b6 17. b5
Nd4 18. e3 Ne6 {1-0 (43) Puranik,A (2584)-Bodnaruk,A (2411) Chess.com INT 2020}
) 13. Nxf6+ Bxf6 14. b4 {[%cal Bb3b4,Bb4b5][%mdl 32] White is slightly better.}
Bg7 15. Nd5 Bh3 ({Black should play} 15... Rb8 $11) 16. Bxh3 $14 Qxh3 17. b5
Nd4 18. Bxd4 cxd4 19. Qa4 f5 (19... Ra8 $14) 20. Qxa7 $18 Rd7 {and if ...f4
works, Black does fine.} 21. f3 f4 22. gxf4 g5 23. Rf2 g4 (23... exf4 $16 {
was necessary.} 24. Rg2 Be5) 24. fxg4 exf4 25. Raf1 $2 (25. Qa4 $18) 25... Rdf7
$2 (25... Be5 $1 $11 26. Qa5 f3 27. exf3 Rxf3 28. Ne7+ Kh7) 26. Qa4 $2 ({
Only move:} 26. Rf3 $1 $18 {[%cal Rf3h3]} Qxg4+ 27. Kh1) 26... f3 {[%mdl 8192]}
(26... Be5 $1 $11 {and Black stays safe.} 27. Qc2 Kh8) 27. exf3 Rxf3 28. Rxf3
Rxf3 29. Rxf3 Qxf3 30. Qc2 Be5 31. a4 Kh8 32. a5 Qxg4+ 33. Qg2 Qd1+ 34. Qf1 Qd2
(34... Qc2 {keeps fighting.} 35. Qf8+ {[%mdl 64] Double Attack} Kh7 36. Qf7+
Kh8 37. Qe8+ (37. Qxb7 Qd1+ 38. Kg2 Qe2+ 39. Kg1 Qd1+ 40. Kg2 Qe2+ 41. Kg1 Qd1+
$11) 37... Kh7 38. Qd7+ Kg6) 35. Qf8+ Kh7 36. Qf5+ Kg7 37. Qg4+ $1 Kh7 38. Qf5+
Kg7 39. a6 $2 (39. Qd7+ $18 Kg6 40. Qg4+ (40. Qxb7 Qd1+ 41. Kg2 Qe2+ 42. Kg1
Qd1+ 43. Kg2 Qe2+ 44. Kg1 Qd1+ $11) 40... Kh7 41. Qe4+ Kh8 42. a6 bxa6 43. bxa6
) 39... Bxh2+ $14 40. Kh1 Be5 $1 {[%csl Ge5][%cal Rd2h2]} 41. Qg4+ Kh7 $2 {
[%mdl 8192] [#]} (41... Kh8 $14 42. Qc8+ {[%mdl 64] Double Attack} Kh7 43.
Qxb7+ Kh8 44. Qc8+ Kg7 45. Qg4+ (45. Qd7+ Kh8 $14) 45... Kh8 46. Qc8+ Kg7) 42.
Qd7+ $2 (42. Nf6+ $1 $18 {[%mdl 512]} Bxf6 43. Qe4+ {[%mdl 64] Double Attack}
Kg7 44. Qg2+ Qxg2+ 45. Kxg2 bxa6 46. bxa6) 42... Kg6 $2 {[%mdl 8192]} (42...
Kh8 $1 $11 {and Black is okay.} 43. Qc8+ Kh7 44. Qd7+ (44. Qxb7+ Kh8 $16) 44...
Kh8 45. Qc8+ Kg7 46. Qd7+ (46. Qxb7+ Kh8 $14) 46... Kh8) 43. Ne7+ $1 $18 Kf6 {
[%csl Ge5][%cal Rd2h2] [#]} 44. Ng8+ $1 Kg6 $2 {[#]} (44... Kg5 45. Qh3 Qe1+
46. Kg2 Qe2+ 47. Kg1 bxa6) 45. Qe6+ $1 ({Less strong is} 45. Ne7+ Kf6 $16)
45... Kg7 {[#]} 46. Qxh6+ $1 {[%mdl 576] Promotion.  Weighted Error Value:
White=0.64/Black=0.64} 1-0

[Event "RUS-ch Rapid 2021"]
[Site "Sochi"]
[Date "2021.10.13"]
[Round "9.4"]
[White "Lysyj, Igor"]
[Black "Petrov, Nikita"]
[Result "1/2-1/2"]
[WhiteElo "2603"]
[BlackElo "2539"]
[Annotator "RC"]
[PlyCount "82"]
[EventDate "2021.10.12"]
[EventType "swiss"]
[EventCountry "RUS"]
[SourceTitle "playchess.com"]
[Source "ChessBase"]
[SourceQuality "1"]
[TimeControl "900+10"]

1. d4 {[%emt 0:00:00]} Nf6 {[%emt 0:00:04]} 2. c4 {[%emt 0:00:11]} e6 {[%emt 0:
00:00]} 3. Nf3 {[%emt 0:00:00]} d5 {[%emt 0:00:03]} 4. g3 {[%emt 0:00:03]} Bb4+
{[%emt 0:00:00]} 5. Bd2 {[%emt 0:00:00]} Be7 {[%emt 0:00:01]} 6. Bg2 {[%emt 0:
00:02]} O-O {[%emt 0:00:00]} 7. O-O {[%emt 0:00:00]} Nbd7 {[%emt 0:00:09]} 8.
Qc2 {[%emt 0:00:00]} c6 {[%emt 0:00:00]} 9. Bf4 {[%emt 0:00:00]} b6 {[%emt 0:
00:23]} 10. Nbd2 {[%emt 0:00:11]} Nh5 {[%emt 0:00:33]} 11. Be5 {[%emt 0:00:12]}
Bb7 {[%emt 0:01:08]} 12. e4 {[%emt 0:00:42]} g5 {[%emt 0:00:59]} 13. cxd5 {
[%emt 0:00:49]} cxd5 {[%emt 0:00:33]} 14. Bc7 {[%emt 0:00:10]} Qe8 {[%emt 0:00:
32]} 15. Rac1 {[%emt 0:01:38]} Rc8 {[%emt 0:00:43]} 16. Qd3 {[%emt 0:00:40]} f6
{[%emt 0:04:21]} 17. Qe3 {[%emt 0:01:44]} Ng7 {[%emt 0:01:03]} 18. Rfe1 {
[%emt 0:02:23]} Qf7 {[%emt 0:00:47]} 19. h3 {[%emt 0:00:45]} Ne8 {[%emt 0:00:
40]} 20. Nh2 {[%emt 0:03:14]} Nxc7 {[%emt 0:01:57]} 21. Ng4 {[%emt 0:00:23]}
Kg7 {[%emt 0:00:16]} 22. Rxc7 {[%emt 0:00:04]} Rxc7 {[%emt 0:00:02]} 23. exd5 {
[%emt 0:00:10]} Bxd5 {[%emt 0:00:19]} 24. Bxd5 {[%emt 0:00:00]} exd5 {[%emt 0:
00:00]} 25. Qxe7 {[%emt 0:00:00]} Qxe7 {[%emt 0:00:25]} 26. Rxe7+ {[%emt 0:00:
00]} Rf7 {[%emt 0:00:00]} 27. Re8 {[%emt 0:00:02]} f5 {[%emt 0:00:32]} 28. Ne3
{[%emt 0:00:07]} f4 {[%emt 0:00:46]} 29. gxf4 {[%emt 0:01:45]} gxf4 {[%emt 0:
00:00]} 30. Nxd5 {[%emt 0:00:07]} Rc2 {[%emt 0:01:34]} 31. Ne4 {[%emt 0:00:14]}
Re2 {[%emt 0:00:11]} 32. Ndc3 {[%emt 0:02:53]} Re1+ {[%emt 0:00:17]} 33. Kh2 {
[%emt 0:00:00]} Nf8 {[%emt 0:01:34]} 34. Nb5 {[%emt 0:00:11]} Ng6 {[%emt 0:00:
21]} 35. Nbd6 {[%emt 0:00:08]} Rf8 {[%emt 0:00:09]} 36. Re6 {[%emt 0:00:20]}
Nh4 {[%emt 0:00:15]} 37. Ng5 {[%emt 0:01:08]} Nf3+ {[%emt 0:00:00]} 38. Kg2 {
[%emt 0:00:00]} Nh4+ {[%emt 0:00:07]} 39. Kh2 {[%emt 0:00:00]} Nf3+ {[%emt 0:
00:46]} 40. Kg2 {[%emt 0:00:00]} Nh4+ {[%emt 0:00:00]} 41. Kh2 {[%emt 0:00:00]}
Nf3+ {[%emt 0:00:18]} 1/2-1/2

[Event "RUS-ch Rapid 2021"]
[Site "Sochi"]
[Date "2021.10.13"]
[Round "9.5"]
[White "Pridorozhni, Aleksei"]
[Black "Dreev, Aleksey"]
[Result "1/2-1/2"]
[WhiteElo "2564"]
[BlackElo "2635"]
[Annotator "RC"]
[PlyCount "44"]
[EventDate "2021.10.12"]
[EventType "swiss"]
[EventCountry "RUS"]
[SourceTitle "playchess.com"]
[Source "ChessBase"]
[SourceQuality "1"]
[TimeControl "900+10"]

1. e4 {[%emt 0:00:41]} c6 {[%emt 0:00:00]} 2. Nc3 {[%emt 0:00:02]} d5 {[%emt 0:
00:05]} 3. Nf3 {[%emt 0:00:00]} dxe4 {[%emt 0:00:11]} 4. Nxe4 {[%emt 0:00:00]}
Nf6 {[%emt 0:00:00]} 5. Qe2 {[%emt 0:00:01]} Na6 {[%emt 0:00:42]} 6. Nxf6+ {
[%emt 0:00:09]} gxf6 {[%emt 0:00:02]} 7. d4 {[%emt 0:00:29]} h5 {[%emt 0:00:30]
} 8. c3 {[%emt 0:00:03]} h4 {[%emt 0:00:05]} 9. Qe4 {[%emt 0:00:17]} Qd5 {
[%emt 0:00:25]} 10. Qxd5 {[%emt 0:00:12]} cxd5 {[%emt 0:00:05]} 11. Bf4 {
[%emt 0:00:10]} Bf5 {[%emt 0:01:09]} 12. Bb5+ {[%emt 0:00:00]} Bd7 {[%emt 0:00:
00]} 13. Bd3 {[%emt 0:00:23]} Rc8 {[%emt 0:00:13]} 14. Kd2 {[%emt 0:00:22]} Nc7
{[%emt 0:00:29]} 15. g3 {[%emt 0:00:13]} h3 {[%emt 0:00:43]} 16. Rhe1 {[%emt 0:
00:14]} Bh6 {[%emt 0:02:43]} 17. Bxh6 {[%emt 0:00:08]} Rxh6 {[%emt 0:00:00]}
18. Nh4 {[%emt 0:00:22]} Kf8 {[%emt 0:00:17]} 19. f4 {[%emt 0:00:19]} Ne8 {
[%emt 0:00:48]} 20. Re3 {[%emt 0:01:21]} Nd6 {[%emt 0:00:00]} 21. Rae1 {
[%emt 0:00:06]} Re8 {[%emt 0:01:06]} 22. f5 {[%emt 0:00:44]} Bc8 {[%emt 0:00:
52]} 1/2-1/2

[Event "RUS-ch Rapid 2021"]
[Site "Sochi"]
[Date "2021.10.13"]
[Round "9.6"]
[White "Vastrukhin, Oleg"]
[Black "Alekseev, Evgeny"]
[Result "0-1"]
[WhiteElo "2382"]
[BlackElo "2602"]
[Annotator "RC"]
[PlyCount "138"]
[EventDate "2021.10.12"]
[EventType "swiss"]
[EventCountry "RUS"]
[SourceTitle "playchess.com"]
[Source "ChessBase"]
[SourceQuality "1"]
[TimeControl "900+10"]

1. g3 {[%emt 0:00:00]} e5 {[%emt 0:00:16]} 2. Bg2 {[%emt 0:00:06]} d5 {[%emt 0:
00:08]} 3. c3 {[%emt 0:00:56]} c6 {[%emt 0:00:41]} 4. d4 {[%emt 0:00:02]} exd4
{[%emt 0:00:39]} 5. cxd4 {[%emt 0:00:02]} Bd6 {[%emt 0:00:26]} 6. Nc3 {[%emt 0:
00:03]} Nf6 {[%emt 0:00:08]} 7. Nf3 {[%emt 0:00:55]} O-O {[%emt 0:00:05]} 8.
O-O {[%emt 0:00:06]} Nbd7 {[%emt 0:00:16]} 9. Bf4 {[%emt 0:00:12]} Bxf4 {
[%emt 0:00:13]} 10. gxf4 {[%emt 0:00:04]} Ne8 {[%emt 0:00:20]} 11. e3 {[%emt 0:
00:58]} Nd6 {[%emt 0:00:11]} 12. Rc1 {[%emt 0:00:26]} Nf6 {[%emt 0:00:36]} 13.
Ne5 {[%emt 0:00:55]} Bf5 {[%emt 0:00:58]} 14. Ne2 {[%emt 0:01:27]} Be6 {
[%emt 0:00:20]} 15. Ng3 {[%emt 0:00:12]} g6 {[%emt 0:00:06]} 16. Nd3 {[%emt 0:
01:22]} Qe7 {[%emt 0:00:10]} 17. b3 {[%emt 0:00:22]} Rae8 {[%emt 0:00:23]} 18.
a4 {[%emt 0:00:11]} Bc8 {[%emt 0:00:16]} 19. a5 {[%emt 0:00:11]} a6 {[%emt 0:
00:07]} 20. Kh1 {[%emt 0:01:31]} Kh8 {[%emt 0:00:34]} 21. Ne5 {[%emt 0:01:42]}
Ng8 {[%emt 0:00:33]} 22. Qd2 {[%emt 0:01:06]} Nh6 {[%emt 0:00:21]} 23. Qb4 {
[%emt 0:00:24]} Qd8 {[%emt 0:00:18]} 24. Qb6 {[%emt 0:00:25]} Qe7 {[%emt 0:00:
35]} 25. Qb4 {[%emt 0:00:28]} Nhf5 {[%emt 0:00:09]} 26. Nxf5 {[%emt 0:00:18]}
Bxf5 {[%emt 0:00:00]} 27. Rc3 {[%emt 0:01:17]} f6 {[%emt 0:00:51]} 28. Nd3 {
[%emt 0:00:07]} Be4 {[%emt 0:00:20]} 29. f3 {[%emt 0:01:11]} Bf5 {[%emt 0:00:
35]} 30. Nc5 {[%emt 0:00:01]} Nb5 {[%emt 0:01:33]} 31. e4 {[%emt 0:00:02]} Nxc3
{[%emt 0:00:25]} 32. Qxc3 {[%emt 0:00:00]} Bc8 {[%emt 0:00:03]} 33. Qe3 {
[%emt 0:00:19]} Qg7 {[%emt 0:00:59]} 34. Qf2 {[%emt 0:00:15]} Qc7 {[%emt 0:00:
06]} 35. Qd2 {[%emt 0:00:06]} Rd8 {[%emt 0:00:37]} 36. e5 {[%emt 0:00:29]} Rde8
{[%emt 0:00:15]} 37. Re1 {[%emt 0:00:25]} Qf7 {[%emt 0:00:12]} 38. Qe3 {
[%emt 0:00:40]} fxe5 {[%emt 0:00:38]} 39. fxe5 {[%emt 0:00:00]} Qf4 {[%emt 0:
00:03]} 40. Kg1 {[%emt 0:00:08]} Qxe3+ {[%emt 0:00:24]} 41. Rxe3 {[%emt 0:00:
01]} Rf4 {[%emt 0:00:00]} 42. Rd3 {[%emt 0:00:02]} Rh4 {[%emt 0:00:09]} 43. Rd2
{[%emt 0:00:28]} g5 {[%emt 0:00:28]} 44. Bf1 {[%emt 0:00:38]} Kg7 {[%emt 0:00:
12]} 45. Kg2 {[%emt 0:00:15]} Bh3+ {[%emt 0:00:44]} 46. Kf2 {[%emt 0:00:04]}
Bxf1 {[%emt 0:00:04]} 47. Kxf1 {[%emt 0:00:03]} Re7 {[%emt 0:00:11]} 48. Kg2 {
[%emt 0:00:08]} Kg6 {[%emt 0:00:02]} 49. Kg3 {[%emt 0:00:01]} Rf4 {[%emt 0:00:
16]} 50. h3 {[%emt 0:00:26]} h5 {[%emt 0:00:17]} 51. Rd3 {[%emt 0:00:18]} Kf5 {
[%emt 0:00:20]} 52. b4 {[%emt 0:00:17]} Rg7 {[%emt 0:01:02]} 53. Na4 {[%emt 0:
00:11]} g4 {[%emt 0:01:41]} 54. fxg4+ {[%emt 0:00:24]} hxg4 {[%emt 0:00:00]}
55. h4 {[%emt 0:00:25]} Rf1 {[%emt 0:00:22]} 56. Nc5 {[%emt 0:00:03]} Rg1+ {
[%emt 0:00:09]} 57. Kh2 {[%emt 0:00:17]} Rb1 {[%emt 0:00:12]} 58. Kg3 {[%emt 0:
00:37]} Rh1 {[%emt 0:01:06]} 59. Rd2 {[%emt 0:00:06]} Rh3+ {[%emt 0:00:42]} 60.
Kg2 {[%emt 0:00:00]} Rf3 {[%emt 0:00:00]} 61. Re2 {[%emt 0:00:31]} Re7 {
[%emt 0:00:07]} 62. h5 {[%emt 0:00:25]} Rf4 {[%emt 0:00:38]} 63. e6 {[%emt 0:
00:00]} Rxd4 {[%emt 0:00:25]} 64. Kg3 {[%emt 0:00:31]} Rf4 {[%emt 0:00:09]} 65.
Rh2 {[%emt 0:00:12]} Kg5 {[%emt 0:00:26]} 66. h6 {[%emt 0:00:10]} Rf3+ {
[%emt 0:00:01]} 67. Kg2 {[%emt 0:00:04]} Rh3 {[%emt 0:00:17]} 68. Rxh3 {
[%emt 0:00:04]} gxh3+ {[%emt 0:00:01]} 69. Kxh3 {[%emt 0:00:03]} Kxh6 {[%emt 0:
00:01]} 0-1

[Event "RUS-ch Rapid 2021"]
[Site "Sochi"]
[Date "2021.10.13"]
[Round "9.7"]
[White "Zakaryan, David"]
[Black "Kokarev, Dmitry"]
[Result "1/2-1/2"]
[WhiteElo "2283"]
[BlackElo "2579"]
[Annotator "ChessBase"]
[PlyCount "100"]
[EventDate "2021.10.12"]
[EventType "swiss"]
[EventCountry "RUS"]
[SourceTitle "playchess.com"]
[Source "ChessBase"]
[SourceQuality "1"]
[TimeControl "900+10"]

1. d4 {[%emt 0:00:00]} Nf6 {[%emt 0:00:04]} 2. c4 {[%emt 0:00:07]} g6 {[%emt 0:
00:10]} 3. Nc3 {[%emt 0:00:05]} Bg7 {[%emt 0:00:00]} 4. e4 {[%emt 0:00:00]} d6
{[%emt 0:00:00]} 5. Nf3 {[%emt 0:00:00]} O-O {[%emt 0:00:02]} 6. h3 {[%emt 0:
00:10]} e5 {[%emt 0:00:01]} 7. d5 {[%emt 0:00:10]} a5 {[%emt 0:00:03]} 8. Be2 {
[%emt 0:00:07]} Nfd7 {[%emt 0:00:31]} 9. Bg5 {[%emt 0:00:18]} Qe8 {[%emt 0:00:
00]} 10. g4 {[%emt 0:00:06]} Nc5 {[%emt 0:00:03]} 11. Nd2 {[%emt 0:00:09]} Nba6
{[%emt 0:00:05]} 12. a3 {[%emt 0:00:37]} Bd7 {[%emt 0:00:05]} 13. Qc2 {[%emt 0:
00:18]} c6 {[%emt 0:00:00]} 14. O-O {[%emt 0:02:12]} f5 {[%emt 0:00:17]} 15. f3
{[%emt 0:00:02]} Bf6 {[%emt 0:00:53]} 16. Be3 {[%emt 0:00:06]} Qe7 {[%emt 0:00:
03]} 17. Rab1 {[%emt 0:03:17]} a4 {[%emt 0:00:33]} 18. Nxa4 {[%emt 0:00:43]}
Nxa4 {[%emt 0:00:06]} 19. Qxa4 {[%emt 0:00:12]} cxd5 {[%emt 0:00:00]} 20. Qb3 {
[%emt 0:00:02]} d4 {[%emt 0:00:16]} 21. c5+ {[%emt 0:00:35]} Kg7 {[%emt 0:03:
21]} 22. cxd6 {[%emt 0:00:14]} Qxd6 {[%emt 0:00:03]} 23. Bf2 {[%emt 0:00:28]}
Nc5 {[%emt 0:00:28]} 24. Nc4 {[%emt 0:01:01]} Nxb3 {[%emt 0:03:55]} 25. Nxd6 {
[%emt 0:00:02]} fxg4 {[%emt 0:00:06]} 26. hxg4 {[%emt 0:00:22]} Nd2 {[%emt 0:
00:04]} 27. Rbc1 {[%emt 0:00:00]} Bc6 {[%emt 0:01:17]} 28. Rfd1 {[%emt 0:00:00]
} Bg5 {[%emt 0:00:02]} 29. Kg2 {[%emt 0:01:51]} Rad8 {[%emt 0:00:47]} 30. Nc4 {
[%emt 0:04:00]} d3 {[%emt 0:00:12]} 31. Bxd3 {[%emt 0:00:35]} Rxd3 {[%emt 0:00:
11]} 32. Nxe5 {[%emt 0:00:00]} Rdxf3 {[%emt 0:00:20]} 33. Bd4 {[%emt 0:00:20]}
Kg8 {[%emt 0:01:54]} 34. Rxc6 {[%emt 0:01:22]} bxc6 {[%emt 0:00:09]} 35. Rxd2 {
[%emt 0:00:00]} Bxd2 {[%emt 0:01:07]} 36. Nxf3 {[%emt 0:00:00]} Bf4 {[%emt 0:
00:00]} 37. Bc3 {[%emt 0:00:49]} Kf7 {[%emt 0:00:23]} 38. Ne1 {[%emt 0:00:29]}
Rd8 {[%emt 0:00:23]} 39. Nc2 {[%emt 0:00:00]} Be5 {[%emt 0:00:31]} 40. Bxe5 {
[%emt 0:00:06]} Rd2+ {[%emt 0:00:03]} 41. Kf3 {[%emt 0:00:10]} Rxc2 {[%emt 0:
00:00]} 42. a4 {[%emt 0:00:00]} Rc4 {[%emt 0:00:11]} 43. a5 {[%emt 0:00:00]}
Ra4 {[%emt 0:00:06]} 44. Bc3 {[%emt 0:00:00]} h6 {[%emt 0:00:27]} 45. Kf4 {
[%emt 0:00:00]} Ke6 {[%emt 0:00:02]} 46. Kf3 {[%emt 0:00:01]} c5 {[%emt 0:00:
04]} 47. Bd2 {[%emt 0:00:12]} Rd4 {[%emt 0:00:14]} 48. Bxh6 {[%emt 0:00:10]}
Rb4 {[%emt 0:00:16]} 49. Bg7 {[%emt 0:00:00]} g5 {[%emt 0:00:05]} 50. Bc3 {
[%emt 0:00:05]} Ra4 {[%emt 0:00:06]} 1/2-1/2